000 00516nam a2200169 i 4500
001 173365
003 ES-MaACL
005 20230906215225.0
008 091127s1943 pr af |||| | spa d
080 _a860(729.5)-14"19"
100 1 _aMarrero, Diego O.
_9163455
245 1 0 _aBronces épicos /
_cDiego O. Marrero.
260 _aSan Juan de Puerto Rico :
_b[s.n.],
_c1943 (
_fImp. Venezuela)
300 _a94 p., 1 h. de lám. :
_bil ;
_c21 cm.
599 _aLám.: retr. del autor.
852 _aES-MaACL
_jC-57032
999 _c173365
_d173365